<?xml version="1.0" encoding="UTF-8"?><?xml-stylesheet type="text/xsl" href="static/style.xsl"?><OAI-PMH xmlns="http://www.openarchives.org/OAI/2.0/" xmlns:xsi="http://www.w3.org/2001/XMLSchema-instance" xsi:schemaLocation="http://www.openarchives.org/OAI/2.0/ http://www.openarchives.org/OAI/2.0/OAI-PMH.xsd"><responseDate>2026-06-06T04:57:06Z</responseDate><request verb="GetRecord" identifier="oai:riuma.uma.es:10630/41195" metadataPrefix="marc">https://riuma.uma.es/rest/oai/request</request><GetRecord><record><header><identifier>oai:riuma.uma.es:10630/41195</identifier><datestamp>2026-02-03T11:27:39Z</datestamp><setSpec>com_10630_2254</setSpec><setSpec>col_10630_37953</setSpec></header><metadata><record xmlns="http://www.loc.gov/MARC21/slim" xmlns:dcterms="http://purl.org/dc/terms/" xmlns:doc="http://www.lyncode.com/xoai" xmlns:xsi="http://www.w3.org/2001/XMLSchema-instance" xsi:schemaLocation="http://www.loc.gov/MARC21/slim http://www.loc.gov/standards/marcxml/schema/MARC21slim.xsd">
   <leader>00925njm 22002777a 4500</leader>
   <datafield ind2=" " ind1=" " tag="042">
      <subfield code="a">dc</subfield>
   </datafield>
   <datafield ind2=" " ind1=" " tag="720">
      <subfield code="a">Merín, Llanos</subfield>
      <subfield code="e">author</subfield>
   </datafield>
   <datafield ind2=" " ind1=" " tag="720">
      <subfield code="a">Toledano González, Abel</subfield>
      <subfield code="e">author</subfield>
   </datafield>
   <datafield ind2=" " ind1=" " tag="720">
      <subfield code="a">Fernández-Aguilar, Luz</subfield>
      <subfield code="e">author</subfield>
   </datafield>
   <datafield ind2=" " ind1=" " tag="720">
      <subfield code="a">Nieto, Marta</subfield>
      <subfield code="e">author</subfield>
   </datafield>
   <datafield ind2=" " ind1=" " tag="720">
      <subfield code="a">Del Olmo, Nuria</subfield>
      <subfield code="e">author</subfield>
   </datafield>
   <datafield ind2=" " ind1=" " tag="720">
      <subfield code="a">Latorre, José Miguel</subfield>
      <subfield code="e">author</subfield>
   </datafield>
   <datafield ind2=" " ind1=" " tag="260">
      <subfield code="c">2024</subfield>
   </datafield>
   <datafield ind2=" " ind1=" " tag="520">
      <subfield code="a">In this review, we analyzed the possible relationship between the excessive use of screens and sleep patterns, and how&#xd;
this may affect certain behavioral and cognitive factors in preschool children. The selection, extraction and synthesis of&#xd;
the data were conducted according to PRISMA guidelines. The search was carried out in the electronic databases Medline&#xd;
(PubMed), PsycINFO (American Psychological Association), Scopus and Web of Science (WOS). Of the 597 articles initially identified, 13 met the inclusion criteria. The risk of bias of the articles selected was evaluated using a specific scale&#xd;
created for this purpose. The results found indicate that excessive use of screens is associated with a negative impact on&#xd;
the duration and quality of sleep-in preschoolers, and this worsening of sleep in infancy is related with a greater probability&#xd;
of the appearance of internalizing and externalizing behavioral problems and certain cognitive problems. The results also&#xd;
suggest that sleep could play a mediating or moderating role as a bioregulatory system that attenuates or increases the&#xd;
onset of behavioral and cognitive difficulties in those children most exposed to digital devices.</subfield>
   </datafield>
   <datafield ind1="8" ind2=" " tag="024">
      <subfield code="a">Merín, L., Toledano-González, A., Fernández-Aguilar, L., Nieto, M., Del Olmo, N., &amp; Latorre, J. M. (2024). Evaluation of the association between excessive screen use, sleep patterns and behavioral and cognitive aspects in preschool population. A systematic review. European Child &amp; Adolescent Psychiatry, 33(12), 4097-4114.</subfield>
   </datafield>
   <datafield ind1="8" ind2=" " tag="024">
      <subfield code="a">https://hdl.handle.net/10630/41195</subfield>
   </datafield>
   <datafield ind1="8" ind2=" " tag="024">
      <subfield code="a">10.1007/s00787-024-02430-w</subfield>
   </datafield>
   <datafield tag="653" ind2=" " ind1=" ">
      <subfield code="a">Internet y jóvenes</subfield>
   </datafield>
   <datafield tag="653" ind2=" " ind1=" ">
      <subfield code="a">Sueño - Trastorno en niños</subfield>
   </datafield>
   <datafield tag="653" ind2=" " ind1=" ">
      <subfield code="a">Niños - Salud e higiene</subfield>
   </datafield>
   <datafield ind2="0" ind1="0" tag="245">
      <subfield code="a">Evaluation of the association between excessive screen use, sleep patterns and behavioral and cognitive aspects in preschool population. A systematic review.</subfield>
   </datafield>
</record>
</metadata></record></GetRecord></OAI-PMH>